000 00525nam a2200181Ia 4500
999 _c9001
_d9001
003 OSt
005 20201009131455.0
008 190216s9999||||xx |||||||||||||| ||und||
020 _a9788130004174
040 _coclc
082 _a005
_bSYN/D
100 _aSyndicate, IT Lokam Content
_94591
245 0 _a14 Divasamkondu Html Padikkam /
_cIT Lokam Content Syndicate
260 _bPoorna Pubs,
_a Kozhikode:
_c2006.
300 _a127p
650 _aComputer
942 _cBK
_2ddc
_h005
_iSYN/D
_k005
_mSYN/D